Assessing the Impact of Agricultural Cooperatives Towards Small Scale Farmers Inputs. A Case Study of Chipata District/ (Record no. 1575)

MARC details
000 -LEADER
fixed length control field 00517nam a22001457a 4500
005 - DATE AND TIME OF LATEST TRANSACTION
control field 20250225073309.0
008 - FIXED-LENGTH DATA ELEMENTS--GENERAL INFORMATION
fixed length control field 250225b |||||||| |||| 00| 0 eng d
040 ## - CATALOGING SOURCE
Original cataloging agency KMU
Transcribing agency KMU
Modifying agency KMU
100 ## - MAIN ENTRY--PERSONAL NAME
Personal name Isaac Banda
245 ## - TITLE STATEMENT
Title Assessing the Impact of Agricultural Cooperatives Towards Small Scale Farmers Inputs. A Case Study of Chipata District/
Statement of responsibility, etc. Isaac Banda
260 ## - PUBLICATION, DISTRIBUTION, ETC.
Place of publication, distribution, etc. Chinsali:
Name of publisher, distributor, etc. Kapasa Makasa University,
Date of publication, distribution, etc. 2020.
300 ## - PHYSICAL DESCRIPTION
Extent iv, 34p.:
Other physical details ill, maps;
Dimensions 30 cm.
650 ## - SUBJECT ADDED ENTRY--TOPICAL TERM
Topical term or geographic name entry element Agricultural Cooperatives
942 ## - ADDED ENTRY ELEMENTS (KOHA)
Source of classification or shelving scheme Library of Congress Classification
Koha item type Student Project Report
Suppress in OPAC No
Holdings
Withdrawn status Lost status Source of classification or shelving scheme Damaged status Not for loan Collection Home library Current library Shelving location Date acquired Total Checkouts Date last seen Price effective from Koha item type
    Library of Congress Classification     Reference Kapasa Makasa University Kapasa Makasa University Reference 25.02.2025   25.02.2025 25.02.2025 Student Project Report